MARC details
| 000 -LEADER |
| campo de control de longitud fija |
02241cam a2200421 i 4500 |
| 001 - NÚMERO DE CONTROL |
| campo de control |
118192 |
| 005 - FECHA Y HORA DE LA ÚLTIMA TRANSACCIÓN |
| campo de control |
20230410130745.0 |
| 008 - DATOS DE LONGITUD FIJA--INFORMACIÓN GENERAL |
| campo de control de longitud fija |
130919s2013 nyua 000 0aeng |
| 035 ## - NÚMERO DE CONTROL DEL SISTEMA |
| Número de control de sistema |
17891640 |
| 010 ## - NÚMERO DE CONTROL DE LA BIBLIOTECA DEL CONGRESO |
| Número de control de LC |
2013037922 |
| 020 ## - NÚMERO INTERNACIONAL ESTÁNDAR DEL LIBRO |
| Número Internacional Estándar del Libro |
9781591846918 (hardback) |
| 040 ## - FUENTE DE CATALOGACIÓN |
| Centro catalogador/agencia de origen |
DLC |
| Lengua de catalogación |
eng |
| Centro/agencia transcriptor |
DLC |
| Normas de descripción |
rda |
| Centro/agencia modificador |
DLC |
| 042 ## - CÓDIGO DE AUTENTICACIÓN |
| Código de autenticación |
pcc |
| 043 ## - CÓDIGO DE ÁREA GEOGRÁFICA |
| Código de área geográfica |
n-us--- |
| 050 14 - SIGNATURA TOPOGRÁFICA DE LA BIBLIOTECA DEL CONGRESO |
| Número de clasificación |
PN 6727 |
| Número de ítem |
A217h 2013 |
| 082 00 - NÚMERO DE LA CLASIFICACIÓN DECIMAL DEWEY |
| Número de clasificación |
741.5/6973 |
| 084 ## - OTRO NÚMERO DE CLASIFICACIÓN |
| Número de clasificación |
BUS012000 |
| -- |
BUS046000 |
| -- |
BIO003000 |
| Fuente del número |
bisacsh |
| 100 1# - ENTRADA PRINCIPAL--NOMBRE DE PERSONA |
| Nombre de persona |
Adams, Scott, |
| Fechas asociadas al nombre |
1957- |
| 245 10 - MENCIÓN DEL TÍTULO |
| Título |
How to fail at almost everything and still win big : |
| Resto del título |
kind of the story of my life / |
| Mención de responsabilidad, etc. |
Scott Adams. |
| 264 #1 - PRODUCCIÓN, PUBLICACIÓN, DISTRIBUCIÓN, FABRICACIÓN Y COPYRIGHT |
| Producción, publicación, distribución, fabricación y copyright |
New York : |
| Nombre del de productor, editor, distribuidor, fabricante |
Portfolio/Penguin, |
| Fecha de producción, publicación, distribución, fabricación o copyright |
2013. |
| 300 ## - DESCRIPCIÓN FÍSICA |
| Extensión |
248 pages : |
| Otras características físicas |
illustrations ; |
| Dimensiones |
24 cm |
| 336 ## - TIPO DE CONTENIDO |
| Término de tipo de contenido |
text |
| Fuente |
rdacontent |
| 337 ## - TIPO DE MEDIO |
| Nombre/término del tipo de medio |
unmediated |
| Fuente |
rdamedia |
| 338 ## - TIPO DE SOPORTE |
| Nombre/término del tipo de soporte |
volume |
| Fuente |
rdacarrier |
| 504 ## - NOTA DE BIBLIOGRAFÍA, ETC. |
| Nota de bibliografía, etc. |
Includes bibliographical references (pages 235-245) and index. |
| 520 ## - RESUMEN, ETC. |
| Sumario, etc. |
"Dilbert creator Scott Adams offers his most personal book ever -- a funny memoir of his many failures and what they eventually taught him about success. How do you go from hapless office worker to world-famous cartoonist and bestselling author in just a few years? No career guide can answer that, and not even Scott Adams (who actually did it) can give you a road map that works for everyone. But there's a lot to learn from his personal story, and a lot of humor along the way. In How to Fail at Almost Everything and Still Win Big, Adams admits that he failed at just about everything he's tried, including his corporate career, his inventions, his investments, and his two restaurants. But along the way, Adams discovered some truths you're unlikely to find anywhere else."-- |
| Fuente proveedora |
Provided by publisher. |
| 600 10 - PUNTO DE ACCESO ADICIONAL DE MATERIA--NOMBRE DE PERSONA |
| Nombre de persona |
Adams, Scott, |
| Fechas asociadas al nombre |
1957- |
| 650 #0 - PUNTO DE ACCESO ADICIONAL DE MATERIA--TÉRMINO DE MATERIA |
| Término de materia o nombre geográfico como elemento de entrada |
Cartoonists |
| Subdivisión geográfica |
United States |
| Subdivisión de forma |
Biography. |
| 650 #0 - PUNTO DE ACCESO ADICIONAL DE MATERIA--TÉRMINO DE MATERIA |
| Término de materia o nombre geográfico como elemento de entrada |
Vocational guidance |
| Subdivisión de forma |
Humor. |
| 650 #0 - PUNTO DE ACCESO ADICIONAL DE MATERIA--TÉRMINO DE MATERIA |
| Término de materia o nombre geográfico como elemento de entrada |
Motivation (Psychology) |
| 650 #4 - PUNTO DE ACCESO ADICIONAL DE MATERIA--TÉRMINO DE MATERIA |
| Término de materia o nombre geográfico como elemento de entrada |
Caricaturistas |
| Subdivisión geográfica |
Estados Unidos |
| Subdivisión de forma |
Biografía. |
| 650 #4 - PUNTO DE ACCESO ADICIONAL DE MATERIA--TÉRMINO DE MATERIA |
| Término de materia o nombre geográfico como elemento de entrada |
Orientación vocacional |
| Subdivisión de forma |
Humor. |
| 650 #7 - PUNTO DE ACCESO ADICIONAL DE MATERIA--TÉRMINO DE MATERIA |
| Término de materia o nombre geográfico como elemento de entrada |
BUSINESS & ECONOMICS / Careers / General. |
| Fuente del encabezamiento o término |
bisacsh |
| 650 #7 - PUNTO DE ACCESO ADICIONAL DE MATERIA--TÉRMINO DE MATERIA |
| Término de materia o nombre geográfico como elemento de entrada |
BUSINESS & ECONOMICS / Motivational. |
| Fuente del encabezamiento o término |
bisacsh |
| 650 #7 - PUNTO DE ACCESO ADICIONAL DE MATERIA--TÉRMINO DE MATERIA |
| Término de materia o nombre geográfico como elemento de entrada |
BIOGRAPHY & AUTOBIOGRAPHY / Business. |
| Fuente del encabezamiento o término |
bisacsh |
| 942 ## - ELEMENTOS DE ENTRADA SECUNDARIOS (KOHA) |
| Fuente del sistema de clasificación o colocación |
Clasificación de Library of Congress |
| Tipo de ítem Koha |
|
| 946 ## - PROCESAMIENTO DE INFORMACIÓN LOCAL (OCLC) |
| a |
YSL |